Fast Typing B to Z (Consonants) - Statistics

General Stats
  • This quiz has been taken 114 times
  • The average score is 19 of 21
Answer Stats
Consonant % Correct
B
100%
C
100%
D
100%
F
95%
G
95%
H
94%
J
94%
K
94%
L
94%
M
92%
N
92%
P
92%
Q
91%
R
91%
S
91%
T
89%
V
85%
W
85%
X
82%
Y
82%
Z
80%
No matching quizzes found
Score Distribution
Percent of People with Each Score
Percentile by Number Answered
Your Score History
You have not taken this quiz